| 000 | 00404nam a2200181Ia 4500 | ||
|---|---|---|---|
| 003 | 0STCL | ||
| 008 | 150530s9999 xx 000 0 und d | ||
| 040 |
_aSTCL _cSTCL |
||
| 100 | _aSherlock Holmes | ||
| 245 | _aSherlock Holmes: Selected Short Stories | ||
| 250 | _a1 | ||
| 260 |
_c2010 _aNoida |
||
| 300 | _a0 | ||
| 546 | _aEnglish | ||
| 942 |
_2ddc _cBK |
||
| 999 |
_c57018 _d57018 |
||
| 005 | 20220125171019.0 | ||